[Event "Candidates Tournament playoff rapid"]
[Site "Kazan"]
[Date "2011.05.09"]
[Round "1.7"]
[White "Aronian, Levon"]
[Black "Grischuk, Alexander"]
[Result "1/2-1/2"]
[WhiteElo "2808"]
[BlackElo "2747"]
[Annotator "Marin,M"]
[PlyCount "122"]
[EventDate "2011.05.09"]
[EventType "k.o. (rapid)"]
[EventRounds "4"]
[EventCountry "RUS"]
[SourceTitle "CBM 143"]
[Source "ChessBase"]
[SourceDate "2011.07.15"]
[SourceVersion "1"]
[SourceVersionDate "2011.07.15"]
[SourceQuality "1"]

1. Nf3 c5 2. c4 Nc6 3. Nc3 e5 4. e3 Nf6 5. a3 $5 Be7 ({The more principled} 
5... d5 6. cxd5 Nxd5 7. Bb5 Nxc3 8. bxc3 Bd6 {would transpose to a reversed
Paulsen with an extra tempo for White. However, the presence of the pawn on a3
rather than on a2, may favour Black, because it weakens b3 and restricts the
c1-bishop. In any case, in practice Black has scored quite well. See for
instance the annotated game Hauchard,A (2539)-Tukmakov,V (2582)/Solin/Split
2000/CBM 081/[Ribli] (0-1, 36) Since the main game caused Grischuk a lot of
suffering, he may have taken into account precisely this line for the case of
a future encounter.}) 6. d4 $1 {After mutual castling, ...d5 would become a
serious threat. Therefore, White has to be faster in opening the centre.} exd4
(6... cxd4 7. exd4 e4 $146 {has never been tried in practice. After} 8. Ng5 {
, the move ...Bb4 is not available any more, meaning that Black has to find a
way of proving his compensation for the lost e4-pawn.}) 7. exd4 cxd4 8. Nxd4
O-O 9. Nc2 d6 $146 {Improving over an old game of Kramnik, who will be
Grischuk's opponent in the semi-finals and with whom he will continue the
theoretical duel in the Symmetrical English!} (9... b6 10. Bf4 Ba6 11. b4 Bb7
12. Be2 d6 13. O-O Ne5 14. Ne3 Rc8 15. Rc1 Re8 16. Qd2 Bf8 17. Rfd1 h6 18. Bg3
Re6 19. Qd4 Nc6 $14 {1/2 Benjamin,J (2620)-Kramnik,V (2710)/Groningen 1993/CBM
039}) 10. Be2 Be6 11. Ne3 $14 {White has stabilised the position and retains
the better chances because of his superior structure.} Rc8 12. O-O a6 13. b3
Na5 {[%csl Gc3][%cal Gb7b5]} 14. a4 {[%csl Gb3,Gb4]} Qb6 15. Rb1 Nc6 16. Re1 (
16. Ncd5 Bxd5 17. Nxd5 Nxd5 18. Qxd5 Nb4 19. Qf5 Rfe8 20. Be3 (20. a5 Qc5 $11)
20... Qc7 21. Rfd1 Bf6 $14 {Black has some chances for a blockade on the dark
squares.}) 16... Rfd8 17. Bf3 Ne5 18. Bd5 $16 {White's control on the light
squares is overwhelming, but Aronian will miss his chance to win the game and,
possibly, the match.} Bf8 19. Bb2 Re8 20. Ba1 Rb8 21. Ne4 Nxd5 22. Nxd5 Qd8 23.
Rb2 (23. Nxd6 $16) 23... Bxd5 24. Qxd5 b5 25. Rbe2 bxc4 26. bxc4 Ng6 27. g3 Ne7
28. Qd3 Qd7 29. Nxd6 Red8 30. c5 Nc8 31. Be5 (31. Qc3 $3 Nxd6 32. c6 $1 {
[%csl Gb8,Gd8][%cal Gc6c7]} Qc7 33. Re7 $1 $18) 31... Nxd6 32. cxd6 Qxa4 33.
Bf4 h6 34. h4 Qb5 35. Qd1 Rb7 36. Rc2 Rbd7 37. Rc7 Bxd6 38. Rxd7 Qxd7 39. Qxd6
Qxd6 40. Bxd6 Rxd6 41. Re8+ Kh7 42. Re7 Kg6 43. Ra7 h5 44. Kg2 Kf6 45. f3 Rd2+
46. Kh3 Ra2 47. g4 hxg4+ 48. Kxg4 g6 49. f4 Ra5 50. Ra8 Ke6 51. Ra7 Kf6 52. Ra8
Ra1 53. Ra7 a5 54. Ra6+ Kg7 55. h5 f5+ 56. Kh4 Rh1+ 57. Kg3 Rg1+ 58. Kh2 Rg4
59. hxg6 Rxf4 60. Rxa5 Kxg6 61. Kg2 Kf7 1/2-1/2

[Event "Candidates Tournament playoff rapid"]
[Site "Kazan"]
[Date "2011.05.09"]
[Round "1.8"]
[White "Grischuk, Alexander"]
[Black "Aronian, Levon"]
[Result "1-0"]
[WhiteElo "2747"]
[BlackElo "2808"]
[Annotator "Ramirez Alvarez,A"]
[PlyCount "97"]
[EventDate "2011.05.09"]
[EventType "k.o. (rapid)"]
[EventRounds "4"]
[EventCountry "RUS"]
[SourceTitle "CBM 143"]
[Source "ChessBase"]
[SourceDate "2011.07.15"]
[SourceVersion "1"]
[SourceVersionDate "2011.07.15"]
[SourceQuality "1"]

1. d4 d5 2. Nf3 Nf6 3. c4 e6 4. Nc3 Be7 5. Bf4 O-O 6. e3 Nbd7 7. c5 c6 8. h3 b6
9. b4 a5 10. a3 Ba6 11. Bxa6 Rxa6 12. O-O (12. b5 cxb5 13. c6 Qc8 14. c7 b4 {
is a very thoroughly analysed variation. Grischuk decides to deviate from this
mess and plays a more natural move.}) 12... Qa8 13. Rb1 axb4 14. axb4 Qb7 15.
Qc2 Rfa8 {Black has control over the only open file, but things are not so
simple. White does have an advantage in space and his bishop is far more
active than it's counterpart.} 16. Ne1 $5 {An interesting redeployment, trying
to quickly bolster c5 to allow a possible b5 break.} Bd8 17. Nd3 Ra3 $2 (17...
b5 {is usually an undesirable move, as it allows White a free hand on the rest
of the board. However, at this moment specifically maybe this move was
possible, with the plan of Bc7 and an eventual e5.}) 18. b5 $1 {Well timed.}
bxc5 19. dxc5 Be7 20. Rfc1 (20. Nb4 $1 {would've been a great way to continue
the pressure, as Wwhite would get a powerful pawn on c7} Nxc5 21. bxc6 Qc8 22.
c7 $1 $16) 20... g5 $5 {Aronian lashes out on the kingside, creating a
weakness but gaining time and space.} 21. Bg3 (21. Bxg5 $5 {was actually
possible} Rxc3 22. Qxc3 Ne4 23. bxc6 Qxc6 24. Ne5 Qc7 25. Qb2 Bxg5 26. Nxd7
Qxd7 27. c6 {and Black's pieces look ill prepared to stop the passed pawn.})
21... R8a5 22. Qd1 Bf8 (22... cxb5 {if Aronian knew what the future held for
him, he might've tried this line instead...} 23. c6 Qxc6 24. Nxb5 Qxb5 25. Rxb5
Rxb5 {when White is better, but not as much as in the game.}) 23. bxc6 Qxc6 24.
Nb4 $1 {White's iniative on the queenside is paying its dividends. The queen
must move away and make room for the powerful c-pawn to advance. Aronian sees
no hope in this and instead gives up his queen.} Qxc5 (24... Qa8 25. c6 Nc5 26.
c7 $18 {with too many threats.}) 25. Ncxd5 Nxd5 26. Rxc5 Rxc5 27. Nxd5 Rxd5 {
Unfortunately for Black, the g5-pawn allows White too many resources to create
threats against the black king. If the pawn were on g6, maybe it would have
been a different story.} 28. Qc2 Rc5 29. Qb2 Rd3 30. Ra1 Bg7 31. Ra8+ Nf8 32.
Qb8 Rcd5 33. Qe8 h6 34. Kh2 Rd2 35. Qe7 Rd7 36. Qe8 Kh7 37. Qb8 Rb2 38. Qc8 Kg6
39. Qc1 Rdb7 40. Rd8 Nh7 41. Qd1 R2b3 $2 {Levon cracks under pressure.} 42.
Qc2+ f5 43. Qc6 {With the weaknesses created by the forced f5 push,
penetration is around the corner} Nf8 44. Bd6 R3b6 45. Qe8+ Rf7 46. Bxf8 Be5+
47. g3 f4 48. Rd7 fxg3+ 49. Kg2 {Grischuk saved some amazing games in this
match, especially in game one of the classical and game three of the rapids.
Unlike his opponent, he was completely unforgiving when given a chance.} 1-0

[Event "Candidates Tournament playoff rapid"]
[Site "Kazan"]
[Date "2011.05.16"]
[Round "2.5"]
[White "Kramnik, Vladimir"]
[Black "Grischuk, Alexander"]
[Result "1/2-1/2"]
[WhiteElo "2785"]
[BlackElo "2747"]
[Annotator "Marin,M"]
[PlyCount "79"]
[EventDate "2011.05.09"]
[EventType "k.o. (rapid)"]
[EventRounds "4"]
[EventCountry "RUS"]
[SourceTitle "CBM 143"]
[Source "ChessBase"]
[SourceDate "2011.07.15"]
[SourceVersion "1"]
[SourceVersionDate "2011.07.15"]
[SourceQuality "1"]

1. Nf3 c5 2. c4 Nc6 3. d4 cxd4 4. Nxd4 Nf6 5. g3 e5 $5 {At the top level, such
a hyper-ambitious, but also risky, move has never been tried. Against a
super-technical player like Kramnik, it looks suicidal, but Grischuk's
preparation proved to be very deep. The last move weakens two important
squares with one stroke, but wins time for rapid development and forces White
to waste some time with his central knight before getting on a favourable
route.} 6. Nb5 {Clearly the critical continuation, putting some pressure on d6,
but mainly aiming to stabilise the control over the d5-square with either N1c3
or N5c3.} Bb4+ $5 {A second surprise. This move has rarely been played and
apparently underestimated so far. Before playing ...d6, Black activates his
bishop with gain of time.} ({I twice faced the more passive} 6... d6 {, which
leads to an improved Sveshnikov for White.} 7. Bg2 $1 (7. Bg5 $6 {is premature,
allowing counterplay in the centre.} Be6 8. Nd2 (8. N1a3 {Spears,N-Basanta,G/
Victoria ch-BC 1990 (0-1, 27)} d5 9. cxd5 Bb4+ $36) 8... d5 9. cxd5 Bxd5 10. e4
Be6 11. Bc4 Bb4 12. Bxe6 fxe6 $132 {Filippov,V (2605)-Moiseenko,A (2501)/
Bydgoszcz 1999/EXT 2000 (0-1, 44)}) 7... Be6 (7... Be7 8. N1c3 a6 9. Na3 O-O
10. O-O h6 11. Be3 Bf5 $6 {It is better to develop the bishop to e6,
transposing below. On f5, the bishop is rather exposed than active.} 12. Qd2
Ng4 13. Nd5 Nxe3 14. Nxe3 Be6 15. Nd5 $16 {Marin,M (2604)-Bellon Lopez,J (2430)
/Gothenburg 2001/CBM 081/[Marin,M] (1-0, 67)}) 8. N1a3 Be7 ({Black is too slow
if he prevents Bg5 with} 8... h6 9. O-O Be7 10. Nc3 O-O 11. Nd5 Rc8 {Rahman,Z 
(2557)-Zhumabaev,R (2405)/New Delhi 2006/CBM 110 ext (1-0, 37)} 12. Nb5 $1 $146
Ne8 13. Be3 $16) 9. O-O O-O 10. Bg5 Ne8 {Avoiding the unfavourable exchange
Bxf6, but losing a tempo.} 11. Be3 Nf6 12. Nc3 Qd7 13. Nd5 Rfc8 (13... Bxd5 14.
cxd5 $16) 14. Qd2 $14 {Marin,M (2530)-Lupu,M (2480)/Andorra 1996/CBM 54 ext/
[Marin,M] (1-0, 31)}) 7. N1c3 {The most logical way to fight for the
initiative.} (7. Bd2 a6 8. N5c3 ({Maybe} 8. Bxb4 {should be investigated, but
after} axb5 9. Bd6 Qa5+ 10. Nd2 Ne4 {it would be not easy for White to
maintain the blockade on d6.}) 8... d5 9. cxd5 Nxd5 $132 {Gutman,L (2460)
-Hornung,H (2200)/Bad Woerishofen 2005/EXT 2006 (1-0, 33)}) (7. N5c3 d5 $15)
7... d6 8. Bg2 $146 {I do not exclude the possibility that Kramnik had never
paaid serious attention to this line. Therefore, his novelty may have been the
fruit of over-the-board inspiration. The English Opening specialists are
familiar with the fact that in such strategically unbalanced positions White
should develop as quickly as possible.} ({Spending time on} 8. a3 {, which
also weakens the b3-square and, indirectly, the c4-pawn, hardly comes to mind
during a game between top players.} Bxc3+ 9. Nxc3 Be6 10. e4 ({This weakens d4,
but there was no favourable way of defending the pawn, for instance} 10. Qa4
Qa5 $15) ({Maybe he should have sacrificed it with} 10. Bg5 $5 {Black does not
seem to be in danger after} Bxc4 {, though.}) 10... Rc8 11. f3 (11. Be3 Ng4
$132) 11... a6 $6 (11... Qb6 $1 $15 {would leave White with difficult problems
with completing his development.}) 12. Be3 Na5 13. b3 b5 14. Nd5 $1 {After
this move, Black's counterplay is neutralised.} Nxd5 15. cxd5 Bd7 16. Rb1 O-O
17. Bg2 Nb7 ({This knight will remain passive on b7, so maybe he could have
considered} 17... f5 $5) 18. b4 Rc3 19. Rb3 Qc7 20. O-O ({White should have
taken just one more preventive measure against Black's counterplay:} 20. Bd2 $1
Rc2 21. Bf1 Qc8 22. Bd3 Rc7 23. O-O $14 {[%csl Gb7]}) 20... Rc8 21. Re1 Qc4
$132 {Knott,S (2333)-Edouard,R (2636)/Hastings 2010/CBM 140 Extra (1/2, 51).
Black's activity along the c-file compensates for the passive knight.}) 8... a6
{After this simple move, White will be left with chronic queenside weaknesses.}
9. Na3 {There is no reasonable alternative.} ({After} 9. Qa4 Bd7 $15 {the
knight will have to retreat anyway, leaving the queen in a dangerous
opposition with the d7-bishop.}) ({The intermediate} 9. a3 $2 {sadly does not
work because after} axb5 $19 {the a3-pawn is pinned.}) 9... Bxc3+ $1 {
Eliminating the knight that was closer to the d5-square.} ({From the
structural point of view,} 9... Bxa3 $6 {may be more tempting, because it
forces White to capture away from the centre, but after} 10. bxa3 O-O 11. O-O
Be6 12. Nd5 $14 {White remains in control of the position.}) 10. bxc3 O-O 11.
O-O ({With the king in the centre, the thematic} 11. Bg5 {is a bit premature
because of} Qa5 $5 12. Qc1 Nd7 13. O-O Nc5 $132) 11... h6 $5 {Highly ambitious
and maybe rightly so. Black intends to prove that the dark-squared bishop is a
bad piece.} ({There was nothing wrong with} 11... Be6 {, but White would not
have faced big problems either:} 12. Bg5 h6 13. Bxf6 Qxf6 14. Qxd6 Rfd8 15. Qc7
Rd7 16. Qb6 Qd8 $44) 12. Nc2 {White plays logical moves all the way, but will
get into an unpleasant position all-the-same. The knight manoeuvre to e3-d5 is
natural, but time consuming.} (12. Rb1 $5 {/\Be3 may be an alternative.}) 12...
Qc7 13. Ne3 Be6 14. Ba3 Rfd8 {Black has covered his weak squares and is ready
to attack the weak white pawns.} 15. Bb4 $2 {Aiming to prevent ...Na5, but
placing the bishop on a bad square.} ({The thematic} 15. Nd5 {offers Black
excellent play after} Bxd5 16. cxd5 Na5 $15 {with dreams of a complete
blockade on c5 and/or c4.}) (15. Rb1 {may be sounder, but Black has plenty of
counterplay anyway.} Na5 (15... b5 $5) 16. Qd3 Rac8 $5 (16... Rab8 17. Rfd1
Nxc4 18. Nxc4 Bxc4 19. Bxd6 Bxd3 20. Bxc7 Bxb1 21. Rxb1 $14) (16... Bxc4 17.
Nxc4 Nxc4 18. Rxb7 Qc8 19. Rb3 Ra7 $11) 17. Rb4 b6 $5 18. Nd5 Bxd5 19. cxd5 b5
$132) 15... Rac8 (15... Bxc4 $5 {wins a pawn, for instance:} 16. Nxc4 Nxb4 17.
cxb4 Qxc4 18. Bxb7 Rab8 19. Rc1 Qxa2 $17) 16. Rb1 e4 $1 $15 {Once the
g2-bishop is neutralised, White's position in the centre becomes precarious.}
17. Qa4 $6 a5 (17... b5 $1 18. cxb5 axb5 $17 19. Qxb5 $6 Ra8 $1 {/\...Rdb8.}
20. Nf5 {The only way to save the queen, based on the threat Qxc6!} Kh8 $1 21.
Bxd6 Qd7 {and White loses material.}) 18. Ba3 Ne5 19. c5 $5 {The only hope to
get at least some saving chances.} dxc5 20. c4 Neg4 (20... Rd4 21. Bb2) (20...
Rd2 $5 21. Rb2 Rd4 22. Rc2 Nfg4 $17 {[%csl Gc4]}) 21. Nxg4 Bxg4 22. Qc2 Qd7 23.
Bb2 (23. Rfd1 Qe6 (23... Qe7 24. h3 Bf5 25. Rxd8+ Rxd8 26. Rb5) 24. Rxd8+ Rxd8
25. Bxc5 e3 $1 $17 26. Bxe3 $2 Bf5 $19) 23... Qd2 $15 24. Qxd2 Rxd2 25. Bxf6
gxf6 26. Bxe4 Bxe2 27. Rfc1 Rcd8 28. Bxb7 Rxa2 29. Bd5 Rd7 30. Rb5 Rc7 31. Rcb1
a4 32. Ra5 Kg7 33. Kg2 Bd3 34. Rb8 f5 35. Rba8 Bc2 36. Kf3 Be4+ $6 $11 {
There was no need for panic, because White did not have concrete threats yet.}
37. Bxe4 fxe4+ 38. Ke3 Rc2 39. Rxa4 Re7 40. Rd8 1/2-1/2

[Event "Candidates Tournament playoff rapid"]
[Site "Kazan"]
[Date "2011.05.16"]
[Round "2.7"]
[White "Kramnik, Vladimir"]
[Black "Grischuk, Alexander"]
[Result "1/2-1/2"]
[WhiteElo "2785"]
[BlackElo "2747"]
[Annotator "Marin,M"]
[PlyCount "130"]
[EventDate "2011.05.09"]
[EventType "k.o. (rapid)"]
[EventRounds "4"]
[EventCountry "RUS"]
[SourceTitle "CBM 143"]
[Source "ChessBase"]
[SourceDate "2011.07.15"]
[SourceVersion "1"]
[SourceVersionDate "2011.07.15"]
[SourceQuality "1"]

1. Nf3 c5 2. c4 Nc6 3. Nc3 e5 4. e3 Nf6 5. d4 e4 ({Deviating from} 5... cxd4 6.
exd4 e4 {as played in the second game.}) 6. Ne5 g6 $5 $146 (6... cxd4 7. exd4 {
would have transposed back to the theoretical lines.}) 7. Rb1 $5 {(!!) A very
deep (and, to my understanding, strong) prophylactic move. White would like to
play b2-b3 and Bb2 in order to take advantage of the weakness of the long
diagonal, but he has to do it with care.} (7. b3 $6 {is premature because of}
cxd4 8. exd4 Qa5 $36 {The rook will prove useful on b1 in many situations.})
7... h5 8. Be2 Qe7 {This is the right moment, the one White was waiting for!}
9. b3 cxd4 (9... Nxe5 10. dxe5 Qxe5 11. Bb2 $36 {the bishop is defended, which
makes Nb5 inevitable, with strong initiative.}) 10. exd4 d6 (10... Nxe5 11.
dxe5 Qxe5 12. O-O $44 {based on} Qxc3 13. Bb2 $36 {Again, the rook move proves
useful.}) 11. Nxc6 bxc6 12. Bg5 Bf5 13. O-O Bh6 {The pin has to be released
somehow, even if this means giving up the right to castle.} (13... Bg7 14. f3
$36) 14. Bxh6 Rxh6 15. Qc1 Rh8 16. Qf4 Kf8 17. b4 Kg7 18. Rb3 h4 19. h3 $14 {
White's position is very promising at this stage, because of his clear
queenside plan and stability on the dark squares. Grischuk eventually managed
to survive, but the position certainly was no fun for him!} Rae8 20. b5 c5 21.
Qe3 Rd8 22. a4 d5 23. cxd5 Nxd5 24. Nxd5 Rxd5 25. dxc5 Qxc5 26. a5 Qxe3 27.
fxe3 Rb8 28. Rc1 a6 29. Rcb1 Be6 30. Rb4 axb5 31. Rxb5 Rbxb5 32. Bxb5 Rd2 33.
Ra1 Bd5 34. a6 Rb2 35. Bf1 Kf6 36. Ra5 Rd2 37. Rc5 Ke6 38. Ra5 Kd6 39. Bc4 Rd1+
40. Kh2 Ba8 41. Bxf7 Rd3 42. a7 Kc7 43. Rb5 Bb7 44. Ra5 Ba8 45. Re5 Kb6 46. Re7
g5 47. Bg6 Rxe3 48. Kg1 Ra3 49. Bxe4 Bxe4 50. Rxe4 Kxa7 51. Kf2 Kb6 52. Re5 g4
53. hxg4 Rg3 54. Re4 Kc5 55. g5 Rxg5 56. Rxh4 Kd5 57. Rf4 Ke5 58. Rf8 Ke6 59.
Rf3 Ke5 60. Rf7 Ke6 61. Rf8 Ke5 62. Kg1 Rf5 63. Rxf5+ Kxf5 64. Kf1 Kf4 65. Kf2
Kg4 1/2-1/2